|
|
|
|
| LEADER |
01362nam a2200313 a 4500 |
| 001 |
27489 |
| 003 |
BD-DhAAL |
| 005 |
20150206113855.0 |
| 008 |
130923r20001992enka b 001 0 eng |
| 010 |
|
|
|a 91040516
|
| 020 |
|
|
|a 0198517300 (pbk.) :
|
| 020 |
|
|
|a 0198517297 (hbk.) :
|
| 040 |
|
|
|a DLC
|c DLC
|d DLC
|d BD-DhAAL
|
| 050 |
0 |
0 |
|a QC175.16.P5
|b Y46 1992
|
| 082 |
0 |
0 |
|a 530.1/3
|2 20
|
| 999 |
|
|
|c 13998
|d 13998
|
| 999 |
|
|
|c 13998
|
| 100 |
1 |
|
|a Yeomans, J. M.
|9 3184
|
| 245 |
1 |
0 |
|a Statistical mechanics of phase transitions /
|c J.M. Yeomans.
|
| 260 |
|
|
|a Oxford [England] :
|b Clarendon Press ;
|a New York :
|b Oxford University Press,
|c 1992. [Reprinted 2000]
|
| 300 |
|
|
|a x, 153 p. :
|b ill. ;
|c 24 cm.
|
| 490 |
|
|
|a Oxford science publications
|
| 500 |
|
|
|a Based on a series of lectures given by the author at Oxford.
|
| 504 |
|
|
|a Includes bibliographical references (p. 145-146) and index.
|
| 541 |
|
|
|e 27489
|
| 650 |
|
0 |
|a Phase transformations (Statistical physics)
|9 3185
|
| 942 |
|
|
|2 ddc
|c BK
|
| 952 |
|
|
|0 0
|1 0
|2 ddc
|4 0
|6 530_130000000000000_YEO
|7 0
|9 23452
|a BRACUL
|b BRACUL
|c GEN
|d 2013-09-23
|e Trim Education
|g 4515.00
|l 0
|o 530.13 YEO
|p 3010027489
|r 2013-09-23
|t 1
|w 2013-09-23
|y BK
|
| 952 |
|
|
|0 0
|1 0
|2 ddc
|4 0
|6 530_130000000000000_YEO
|7 0
|9 23454
|a BRACUL
|b BRACUL
|c GEN
|d 2013-09-23
|e Trim Education
|g 4515.00
|l 1
|m 6
|o 530.13 YEO
|p 3010027490
|r 2026-01-27
|s 2025-12-03
|t 2
|w 2013-09-23
|y BK
|